000 00274nam a22001097a 4500
008 230703b xxu||||| |||| 00| 0 eng d
082 _a342.438
_bPOL 1988
245 _aConstitution of the Polish People's Republic
260 _bWarsaw
_c1988
300 _a50p
942 _2ddc
_cBK
999 _c3534
_d3534